000 01398nam a2200349 a 4500
001 ebr10480223
003 CaPaEBR
006 m u
007 cr cn|||||||||
008 110714s2011 enkad sb 001 0 eng d
020 _z1848165927
020 _z9781848165922
020 _z9781848165939 (e-book)
040 _aCaPaEBR
_cCaPaEBR
035 _a(OCoLC)738433271
050 1 4 _aQP624
_b.D53 2011eb
245 0 0 _aDNA deamination and the immune system
_h[electronic resource] :
_bAID in health and disease /
_ceditors, Sebastian Fugmann, Marilyn Diaz, Nina Papavasiliou.
260 _aLondon :
_bImperial College Press,
_c2011.
300 _axiii, 217 p. :
_bill.
490 1 _aMolecular medicine and medicinal chemistry ;
_vv. 3
504 _aIncludes bibliographical references and index.
533 _aElectronic reproduction.
_bPalo Alto, Calif. :
_cebrary,
_d2013.
_nAvailable via World Wide Web.
_nAccess may be limited to ebrary affiliated libraries.
650 0 _aDNA.
650 0 _aImmune system.
655 7 _aElectronic books.
_2local
700 1 _aFugmann, Sebastian.
700 1 _aDiaz, Marilyn.
700 1 _aPapavasiliou, Nina.
710 2 _aebrary, Inc.
830 0 _aMolecular medicine and medicinal chemistry ;
_vv. 3.
856 4 0 _uhttp://site.ebrary.com/lib/rucke/Doc?id=10480223
_zAn electronic book accessible through the World Wide Web; click to view
999 _c118283
_d118283